Popular U.S. Baby Girl Names - Spot the Imposter - Statistics

General Stats
  • This quiz has been taken 127 times
    125 since last reset
  • The average score is 15 of 20
Answer Stats
Question Answer % Correct
A Beautiful Bouquet Crocus
93%
Globetrotter Antwerp
91%
My Prescious Myrrh
91%
Abstract #1 Fidelity
89%
Old Oaken Barrel Oakedoke
89%
Colorful Names Periwinkle
87%
"A" Palindrome Aba
85%
I can name that tune in 3 notes Gnu
85%
"I love, I love, I love my little calendar girl..." December
78%
Planted in Nature Hibiscus
78%
Momma Mia Let Me Go! Dia
76%
For Every Time There is a Season Spring
74%
First Female US President? Roosevelt
72%
I've Been Everywhere, Man... Tampa
72%
I O"nley" Have Eyes for You Zinley
72%
Your name is what??? Did your parents just make that up? Pharynx
57%
Nature Lover? Prairie
54%
Abstract #2 Charisma
46%
Royally Painful Names Dutchess
39%
Holy moly! Divine
24%
No matching quizzes found
Score Distribution
Percent of People with Each Score
Percentile by Number Answered
Your Score History
You have not taken this quiz since the last reset